Normal view MARC view
  • Ausubel, David Paul,

Entry Nombre Personal

Number of records used in: 6

001 - NUMERO DE CONTROL

  • campo de control: 31698

003 - IDENTIFICADOR DE NUMERO DE CONTROL

  • campo de control: DLC

005 - FECHA Y HORA DE LA ÜLTIMA TRANSACCIÓN

  • campo de control: 20230512104418.0

008 - DATOS DE LONGITUD FIJA

  • campo de control de longitud fija: 230512n| azannaabn |a aaa

010 ## - NÚMERO DE CONTROL DE LA BIBLIOTECA DEL CONGRESO

  • Número de control LC: n 80070679

035 ## - NUMERO DE CONTROL

  • Número de control: (OCoLC)oca00452165

035 ## - NUMERO DE CONTROL

  • Número de control: (CaEvSKY)skya1529207

040 ## - FUENTE DE CATALOGACIÓN

  • Agencia original de catalogación: DLC
  • Lenguaje de catalogación: spa
  • Description conventions: rda
  • Agencia de transcripción: DLC
  • Agencia que lo modifica: DNLM
  • Agencia que lo modifica: DLC
  • Agencia que lo modifica: IEN
  • Agencia que lo modifica: MX-SlUA
  • Agencia que lo modifica: MX-MxUPN

046 ## - FECHAS CON CODIFICACIÓN ESPECIAL

  • Fecha de nacimiento: 1918-10-25
  • Fecha de muerte: 2008-07-09

100 1# - ENCABEZAMIENTO - NOMBRE PERSONAL

  • Nombre personal: Ausubel, David Paul,
  • Fechas asociadas con el nombre: 1918-2008

370 ## - LUGAR ASOCIADO

  • Associated country: Estados Unidos

372 ## - CAMPO DE ACTIVIDAD

  • Field of activity: Psicología
  • Field of activity: Pedagogía
  • Field of activity: Constructivismo

374 ## - OCUPACIÓN

  • Occupation: Psicólogo
  • Occupation: Pedagogo

375 ## - GÉNERO

  • Gender: masculino

377 ## - LENGUA ASOCIADA

  • Language code: eng

400 1# - VEÁSE - NOMBRE DE PERSONA

  • Personal name: Ausubel, David P.
  • Fuller form of name: (David Paul)

670 ## - FUENTE EN LA QUE SE LOCALIZARON DATOS

  • Cita de la fuente: Townsend, E. A. A study of copying ability in children, 1951

670 ## - FUENTE EN LA QUE SE LOCALIZARON DATOS

  • Cita de la fuente: Ego development and psychopathology, c1996:
  • Información localizada: portada (David P. Ausubel)

670 ## - FUENTE EN LA QUE SE LOCALIZARON DATOS

  • Cita de la fuente: NLM files Dec. 12, 1996:
  • Información localizada: (hdg.: Ausubel, David P. (David Paul); usage: David P. Ausubel; David Paul Ausubel)

670 ## - FUENTE EN LA QUE SE LOCALIZARON DATOS

  • Cita de la fuente: Info. converted from 678, 2012-10-02
  • Información localizada: (n. 1918)

670 ## - FUENTE EN LA QUE SE LOCALIZARON DATOS

  • Cita de la fuente: Psicología educativa, 1983:
  • Información localizada: portada (David P. Ausubel)

670 ## - FUENTE EN LA QUE SE LOCALIZARON DATOS

  • Cita de la fuente: En Wikipedia, consultado mayo 12, 2023:
  • Información localizada: (David Paul Ausubel (Nueva York, 25 de octubre de 1918-9 de julio de 2008) fue un psicólogo y pedagogo estadounidense de gran importancia para el constructivismo)

902 ## - CATALOGADOR

  • Catalogador: NDAF/120523